• 首页
  • 本馆介绍
  • 公告通知
  • 最新文献
  • 馆藏检索
  • 电子资源
  • 读者导购
  • 参考咨询
  • 我的图书馆
  • 登录
  • 详细信息显示
  • 放入我的书架
  • 预约/预借图书
  • 作者相关作品
  • 分类相关作品
  • 丛书相关作品
  • 出版社相关作品

书目信息

  • 表格格式
  • 工作单格式
  • 卡片格式
题名:
武学
    
 
作者: 马廉祯 主编
分册: 第四辑   少林学
出版信息: 广州   广东人民出版社  2021
页数: 417页
开本: 24cm
丛书名:
单 册:
中图分类: G852.03 , G852
科图分类:
主题词: 武术--文集 , 少林武术--文集
电子资源:
ISBN: 978-7-218-14812-0
000 00742nam0 2200241 450
001 2359421339
005 20231011174955.43
010    @a978-7-218-14812-0@dCNY88.00
100    @a20211029d2021 em y0chiy50 ea
101 0  @achi
102    @aCN@b440000
105    @aa z 000yy
200 1  @a武学@Awu xue@h第四辑@i少林学@f马廉祯主编
210    @a广州@c广东人民出版社@d2021
215    @a417页@c图@d24cm
330    @a本书收录了《关于少林寺文化的研究方法》《少林功夫文化形态和历史》《关于“少林学”的一些思考》《少林寺历史概述》等内容。
606 0  @a武术@j文集
606 0  @a少林武术@j文集
690    @aG852.03@v5
690    @aG852@v4
701  0 @a马廉祯@Ama lian zhen@4主编
801  0 @aCN@b91MARC@c20211118
905    @aZUCC@dG852@e70:4
    
    武学.第四辑.少林学/马廉祯主编.-广州:广东人民出版社,2021
    417页:图;24cm
    
    
    ISBN 978-7-218-14812-0:CNY88.00
    本书收录了《关于少林寺文化的研究方法》《少林功夫文化形态和历史》《关于“少林学”的一些思考》《少林寺历史概述》等内容。
●
相关链接 在五车中查询图书 在当当中查询图书 在豆瓣中查询图书


正题名:武学     索取号:G852/70:4         预约/预借

序号 登录号 条形码 馆藏地/架位号 状态 备注
1 2001003133   2001003133   315书库/四8架B面1层2列/ [索取号:G852/70:4] 在馆    
2 2001003134   2001003134   315书库/四8架B面1层2列/ [索取号:G852/70:4] 在馆    
3 2001003135   2001003135   315书库/四8架B面1层2列/ [索取号:G852/70:4] 在馆    
4 2001003136   2001003136   315书库/四8架B面1层2列/ [索取号:G852/70:4] 在馆    
5 2001003137   2001003137   315书库/四8架B面1层2列/ [索取号:G852/70:4] 在馆    
6 2001003138   2001003138   315书库/四8架B面1层2列/ [索取号:G852/70:4] 在馆    
山东省滨州职业学院图书馆 欢迎您!
大连网信软件有限公司© 版权所有